Catálogo
 En Linea

De la pureza a la maternidad : (Registro nro. 43382)

Detalles MARC
000 -CABECERA
campo de control de longitud fija 00701nam a2200157 a 4500
001 - NÚMERO DE CONTROL
campo de control 000043893
005 - FECHA Y HORA DE LA ÚLTIMA TRANSACCIÓN
campo de control 20201002045030.0
008 - DATOS DE LONGITUD FIJA--INFORMACIÓN GENERAL
campo de control de longitud fija 140508s1996 sp 000 0 spa d
020 ## - NÚMERO INTERNACIONAL ESTÁNDAR DEL LIBRO
Número Internacional Estándar del Libro 8481811394
040 ## - FUENTE DE LA CATALOGACIÓN
Centro catalogador/agencia de origen DO-SdBNP
Lengua de catalogación spa
Centro/agencia transcriptor BNPHU
100 1# - ENTRADA PRINCIPAL--NOMBRE DE PERSONA
Nombre de persona Roca i Girona, Jordi
9 (RLIN) 71788
245 10 - MENCIÓN DE TÍTULO
Título De la pureza a la maternidad :
Resto del título la construcción del género femenino en la postguerra española /
Mención de responsabilidad, etc. Jordi Roca i Girona.
260 ## - PUBLICACIÓN, DISTRIBUCIÓN, ETC.
Lugar de publicación, distribución, etc. [Madrid] :
Nombre del editor, distribuidor, etc. Ministerio de Educación y Cultura. Dirección General de Bellas Artes y Bienes Culturales. Subdirección General de Museos Estatales,
Fecha de publicación, distribución, etc. 1996.
300 ## - DESCRIPCIÓN FÍSICA
Extensión 377 p. :
Otras características físicas il. ;
Dimensiones 22 cm.
500 ## - NOTA GENERAL
Nota general Incluye datos biográficos del autor en la solapa de la contracubierta
Existencias
Estado de retiro Estado de pérdida Restricciones de uso No para préstamo Código de colección Localización permanente Ubicación/localización actual Ubicación en estantería Fecha de adquisición Número de inventario Total de préstamos Signatura topográfica completa Código de barras Fecha visto por última vez Precio válido a partir de Tipo de ítem Koha Número de copia
      Excluido de préstamo Monografías: Libros y Folletos General General Depósito 08.05.2014 LF1   43893-10 25.06.2020 25.06.2020 No se presta  
  Extraviado   Excluido de préstamo Monografías: Libros y Folletos General General Extraviado 09.05.2014 LF1   43893-20 25.06.2020 25.06.2020 No se presta e. 2

Con tecnología Koha